000 00618nam a2200217Ii 4500
001 7786
003 CO-ViMGA
008 241108s9999||||xx |||||||||||||| ||und||
020 _a8422606607
040 _aCO-ViMGA
_bspa
_erda
_cCO-ViMGA
041 0 _aunk
084 _aN BAR12t
100 1 _aChristiaan Barnard
_953968
245 1 0 _aTensión
264 1 _a[Lugar de publicación no identificado] : Círculo de Lectores, 1974
300 _avolumen
336 _atext
_btxt
_2rdacontent
337 _aunmediated
_bn
_2rdamedia
338 _avolume
_bnc
_2rdacarrier
940 _aidficha_siabuc: 7611. -- ficha_no_siabuc:7786
999 _c50793
_d50793